Lien de Parenté dans des Séries TV - Statistiques

Statistiques générales
  • Ce quiz a été pris 107 fois
  • Le résultat moyen est 12 sur 30
Statistiques - réponses
Hint Extra Hint Réponse % Correct
Malcom et Dewey Malcom Frères
74%
Prue, Piper et Phoebe Halliwell Charmed Soeurs
74%
Bree Van de Kamp et Danielle Van de Kamp Desperate Housewives Mère et Fille
64%
Lincoln Burrows et Michael Scofield Prison Break Frères
61%
Mary Ingalls et Laura Ingalls La petite Maison dans la Prairie Soeurs
56%
Pugsley Addams et Mercredi Addams La Famille Addams Frère et Soeur
55%
Jonathan et Jennifer Hart Pour l'amour du risque Mari et Femme
54%
Arnold et Willy Arnold et Willy Frères
49%
Bellamy Blake et Octavia Blake The 100 Frère et Soeur
48%
Walter White et Hank Shrader Breaking bad Beaux-frères
47%
Ned Stark et Arya Stark Game of Thrones Père et Fille
45%
Rick Grimes et Carl Grimes The Walking Dead Père et Fils
42%
William Smith et Carlton Banks Le Prince de Bel-Air Cousins
40%
Mike Wheeler et Nancy Wheeler Stranger things Frère et Soeur
40%
JR Ewing et Bobby Ewing Dallas Frères
39%
Moscou et Denver La Casa de Papel Père et Fils
39%
Tony Micelli et Samantha Micelli Madame est servie Père et Fille
38%
Sean McNamara et Julia McNamara Nip/Tuck Mari et Femme
36%
Francis Underwood et Claire Underwood House of Cards Mari et Femme
35%
Endora et Tabatha Stephens Ma sorcière bien-aimée Grand-Mère et Petite-fille
33%
Jin-Soo Kwon et Sun-Hwa Kwon Lost : Les Disparus Mari et Femme
33%
Janet Kyle et Michael Kyle Jr. Ma famille d'abord Mère et Fils
33%
Donna-Jo « D.J. » Tanner et Michelle Tanner La Fête à la Maison Soeurs
32%
Bo Duke et Daisy Duke Shérif, fais-moi peur Cousin et Cousine
25%
Matt et Jenny Matt et Jenny Frère et Soeur
24%
Jack Bauer et Kim Bauer 24 heures chrono Père et Fille
24%
Richie Cunningham et Joanie Cunningham Happy days Frère et Soeur
22%
Merrill Stubing et Vicki Stubing La Croisière s'amuse Père et Fille
18%
Kai Proctor et Rebecca Bowman Banshee Oncle et Nièce
15%
Ruth O'Connor-Fisher et Claire Fisher Six feet under Mère et Fille
14%
Aucun quiz correspondant
Distribution des résultats
% des personnes avec chaque résultat
Percentile par nombre de réponses
Votre historique - résultats
Vous n’avez pas pris ce quiz